• Fuster, Justo Pastor,

di Personal Name

Records bibliografici associati: 1

001 - CONTROL NUMBER

  • control field: 49583

003 - CONTROL NUMBER IDENTIFIER

  • control field: IT-RoINE

005 - DATE AND TIME OF LATEST TRANSACTION

  • control field: 20180524062217.0

008 - FIXED-LENGTH DATA ELEMENTS

  • fixed length control field: 180524|| aca||aabn | a|a d

040 ## - CATALOGING SOURCE

  • Original cataloging agency: IT-RoINE
  • Transcribing agency: IT-RoINE

100 ## - HEADING--PERSONAL NAME

  • Personal name: Fuster, Justo Pastor,
  • Dates associated with a name: 1761-1835

670 ## - SOURCE DATA FOUND

  • Source citation: Work cat.: (IT-RoINE)0: Fuster, Justo Pastor, 1761-1835, Biblioteca valenciana de los escritores que florecieron hasta nuestros días :, D.L. 1980.